Turkish healthcare industry report : August 2010.
| Format: | Book |
|---|---|
| Published: |
[S.l]:
Investment Support and Promotion Agency of Turkey,
2010.
|
| Subjects: |
| LEADER | 00421cam a2200133 7i4500 | ||
|---|---|---|---|
| 001 | 0000026404 | ||
| 005 | 20110714090000.0 | ||
| 090 | 0 | 0 | |a TUR 362.1 |b TUR |
| 245 | 0 | 0 | |a Turkish healthcare industry report : |b August 2010. |
| 260 | 0 | 0 | |a [S.l]: |b Investment Support and Promotion Agency of Turkey, |c 2010. |
| 300 | # | # | |a 25 p. |
| 650 | 0 | 0 | |a Healthcare -- |z Turkey |
| 651 | 0 | 0 | |a Turkey |
| 999 | |a 0000028721 |b Book |c Countries |e Business Information Centre | ||